| 000 | 00414nam a2200145Ia 4500 | ||
|---|---|---|---|
| 008 | 191206s9999 xx 000 0 und d | ||
| 020 | _a0192192035 : | ||
| 090 | _aB775.C67 | ||
| 245 | 0 | _aRenaissance philosophy | |
| 260 | _aOxford University Press | ||
| 260 | _bA History of Western philosophy ; 3 | ||
| 260 | _cc1992 | ||
| 300 | _a"xiv, 450 p. ; 22 cm." | ||
| 999 |
_c16786 _d16786 |
||